UM Logo

Creativity and romantic passion / (Record no. 20827)

MARC details
000 -LEADER
fixed length control field 00793nam a22001817a 4500
005 - DATE AND TIME OF LATEST TRANSACTION
control field 20250218171753.0
008 - FIXED-LENGTH DATA ELEMENTS--GENERAL INFORMATION
fixed length control field 240822b ||||| |||| 00| 0 eng d
082 ## - DEWEY DECIMAL CLASSIFICATION NUMBER
Classification number DPer 658.8 J826 October-December 2019 v. 116 n. 4-6
100 ## - MAIN ENTRY--PERSONAL NAME
Personal name Carswell, Kathleen L.
Relator term author.
9 (RLIN) 58848
245 ## - TITLE STATEMENT
Title Creativity and romantic passion /
Statement of responsibility, etc. Kathleen L. Carswell, Eli J. Finkel, and Madoka Kumashiro.
260 ## - PUBLICATION, DISTRIBUTION, ETC. (IMPRINT)
Place of publication, distribution, etc. Philadelphia ;
Name of publisher, distributor, etc. American Psychological Association,
Date of publication, distribution, etc. June 2019.
300 ## - PHYSICAL DESCRIPTION
Extent volume 116, pages 919-941,
Other physical details illustration.
500 ## - GENERAL NOTE
General note Journal of Personality and Social Psychology, v. 116, n. 6, pages 919-941, June 2019.
700 ## - ADDED ENTRY--PERSONAL NAME
Personal name Carswell, Kathleen L.
Relator term author.
9 (RLIN) 58848
700 ## - ADDED ENTRY--PERSONAL NAME
Personal name Finkel, Eli J.
Relator term author.
9 (RLIN) 41024
700 ## - ADDED ENTRY--PERSONAL NAME
Personal name Kumashiro, Madoka.
Relator term author.
9 (RLIN) 58849
942 ## - ADDED ENTRY ELEMENTS (KOHA)
Source of classification or shelving scheme Dewey Decimal Classification
Koha item type Periodicals
Holdings
Withdrawn status Lost status Source of classification or shelving scheme Damaged status Not for loan Collection code Home library Current library Date acquired Total Checkouts Date last seen Price effective from Koha item type Public note
    Dewey Decimal Classification     Periodicals UM Digos College - LIC UM Digos College - LIC 08/22/2024   08/22/2024 08/22/2024 Periodicals Periodical Article